[Event "68th POL-ch (w)"]
[Site "Poznan POL"]
[Date "2016.04.06"]
[Round "8"]
[White "Rajlich, Iweta"]
[Black "Zawadzka, Jolanta"]
[Result "1/2-1/2"]
[WhiteElo "2389"]
[BlackElo "2432"]
[EventDate "2016.03.30"]
[PlyCount "159"]
[EventType "tourn"]
[EventRounds "9"]
[EventCountry "POL"]
[EventCategory "4"]
[SourceTitle "CBM 171 Extra"]
[Source "ChessBase"]
[SourceDate "2016.04.26"]
[SourceVersion "1"]
[SourceVersionDate "2016.04.26"]
[SourceQuality "1"]

1.d4 d5 2.g3 Nf6 3.Bg2 e6 4.Nf3 b5 5.O-O Bb7 6.Nc3 a6 7.e4 dxe4 8.Ng5 Be7 
9.Ngxe4 Nxe4 10.Nxe4 Bd5 11.Qg4 g6 12.Qe2 Nd7 13.Bh6 c6 14.b3 b4 15.a3 a5 
16.axb4 axb4 17.Nc5 Bxg2 18.Rxa8 Qxa8 19.Kxg2 Qa5 20.Rd1 Bxc5 21.dxc5 Qxc5
22.Bf4 e5 23.Be3 Qb5 24.Qg4 c5 25.Qe4 O-O 26.Qd5 Nf6 27.Qxe5 Ng4 28.Qxc5 
Nxe3+ 29.Qxe3 Qc6+ 30.Qf3 Qxc2 31.Rd7 Qc5 32.g4 Kg7 33.h4 h6 34.Qd5 Qxd5+ 
35.Rxd5 Rb8 36.Rd6 Rb5 37.f3 Kf8 38.Kg3 Ke7 39.Ra6 h5 40.g5 Rd5 41.Rb6 Rd4
42.Rb8 Kd7 43.Rb7+ Ke6 44.Rb6+ Ke7 45.Rb5 Kd7 46.Kh3 Rf4 47.Rd5+ Ke6 48.
Rd3 f6 49.Kg3 fxg5 50.hxg5 Ke5 51.Rd8 h4+ 52.Kf2 Rd4 53.Rf8 Rd3 54.Kg2 
Rxb3 55.Kh3 Rb1 56.f4+ Ke4 57.f5 gxf5 58.g6 Rg1 59.Rb8 Kf3 60.Kh2 Rg2+ 61.
Kh3 Rxg6 62.Rxb4 Rg3+ 63.Kh2 f4 64.Rb8 Rg2+ 65.Kh3 Re2 66.Rb3+ Re3 67.Rb2 
Re1 68.Rb3+ Re3 69.Rb2 Re1 70.Rb3+ Kf2 71.Kg4 Re4 72.Rb2+ Ke3 73.Rb3+ Ke2 
74.Rb2+ Kd3 75.Rb3+ Kd2 76.Rf3 h3 77.Rxh3 Ke2 78.Rf3 Rd4 79.Rxf4 Rxf4+ 80.
Kxf4 1/2-1/2

[Event "68th POL-ch (w)"]
[Site "Poznan POL"]
[Date "2016.04.06"]
[Round "8"]
[White "Socko, Monika"]
[Black "Kantane, Anna"]
[Result "1-0"]
[WhiteElo "2461"]
[BlackElo "2310"]
[EventDate "2016.03.30"]
[PlyCount "103"]
[EventType "tourn"]
[EventRounds "9"]
[EventCountry "POL"]
[EventCategory "4"]
[SourceTitle "CBM 171 Extra"]
[Source "ChessBase"]
[SourceDate "2016.04.26"]
[SourceVersion "1"]
[SourceVersionDate "2016.04.26"]
[SourceQuality "1"]

1.c4 e5 2.Nc3 Nc6 3.g3 Bc5 4.Bg2 a6 5.e3 d6 6.Nf3 Nf6 7.O-O O-O 8.d4 exd4 
9.Nxd4 Nxd4 10.exd4 Ba7 11.b3 Rb8 12.Qd3 h6 13.Re1 Qd7 14.Bf4 Qf5 15.Qxf5 
Bxf5 16.Rad1 Bg4 17.Rd2 Rfe8 18.Rc1 Bd7 19.b4 g5 20.Be3 c6 21.h4 gxh4 22.
Bf4 h3 23.Bh1 Re6 24.c5 Rbe8 25.Rdd1 d5 26.Bxh6 Ne4 27.Bxe4 dxe4 28.Be3 
Bb8 29.Kh2 Rg6 30.d5 cxd5 31.Rxd5 Be6 32.Rd2 Bg4 33.Nd5 Kf8 34.Rc4 Rge6 
35.Rcd4 Kg7 36.Bf4 Bxf4 37.Nxf4 Re5 38.Nd5 Bf3 39.Ne3 R8e7 40.Rd5 Rxd5 41.
Rxd5 Rc7 42.g4 Be2 43.Kxh3 a5 44.a3 axb4 45.axb4 Bb5 46.Kg3 Bc6 47.Rd6 Rc8
48.Nf5+ Kf8 49.Rh6 Kg8 50.Ne7+ Kg7 51.Nxc8 Kxh6 52.Kf4 1-0

[Event "68th POL-ch (w)"]
[Site "Poznan POL"]
[Date "2016.04.06"]
[Round "8"]
[White "Wozniak, Mariola"]
[Black "Harazinska, Ewa"]
[Result "1/2-1/2"]
[WhiteElo "2154"]
[BlackElo "2310"]
[EventDate "2016.03.30"]
[PlyCount "76"]
[EventType "tourn"]
[EventRounds "9"]
[EventCountry "POL"]
[EventCategory "4"]
[SourceTitle "CBM 171 Extra"]
[Source "ChessBase"]
[SourceDate "2016.04.26"]
[SourceVersion "1"]
[SourceVersionDate "2016.04.26"]
[SourceQuality "1"]

1.e4 e6 2.d4 d5 3.exd5 exd5 4.Bd3 Bd6 5.Ne2 Ne7 6.O-O O-O 7.Bf4 Bf5 8.Re1 
c6 9.Bxd6 Qxd6 10.Ng3 Bxd3 11.Qxd3 Nd7 12.Nd2 Rfe8 13.Re3 Ng6 14.Rae1 Nf6 
15.Nf3 Rxe3 16.Qxe3 Qb4 17.Qb3 Qxb3 18.axb3 Re8 19.Rxe8+ Nxe8 20.Nf5 f6 
21.g3 Kf7 22.Kf1 Ne7 23.Ne3 Nd6 24.Ke2 Ke6 25.Ne1 Nef5 26.c3 Nxe3 27.Kxe3 
Ne4 28.Nd3 b6 29.Nf4+ Ke7 30.c4 g5 31.cxd5 Nd6 32.Ne2 cxd5 33.Nc3 Ke6 34.
Kd3 Nc8 35.Nb5 Kd7 36.Nc3 Ke6 37.Nb5 Kd7 38.Nc3 Ke6 1/2-1/2

[Event "68th POL-ch (w)"]
[Site "Poznan POL"]
[Date "2016.04.07"]
[Round "9"]
[White "Harazinska, Ewa"]
[Black "Rajlich, Iweta"]
[Result "0-1"]
[WhiteElo "2310"]
[BlackElo "2389"]
[EventDate "2016.03.30"]
[PlyCount "86"]
[EventType "tourn"]
[EventRounds "9"]
[EventCountry "POL"]
[EventCategory "4"]
[SourceTitle "CBM 171 Extra"]
[Source "ChessBase"]
[SourceDate "2016.04.26"]
[SourceVersion "1"]
[SourceVersionDate "2016.04.26"]
[SourceQuality "1"]

1.Nf3 e6 2.c4 c5 3.d4 cxd4 4.Nxd4 b6 5.e4 Bb7 6.f3 d6 7.Nc3 Nf6 8.Be2 Be7 
9.O-O O-O 10.Be3 Re8 11.Qd2 a6 12.Rfd1 Qc7 13.Rac1 Nbd7 14.Qe1 Rac8 15.Kh1
Qb8 16.Qg1 Bd8 17.Bf2 Ne5 18.b3 Bc7 19.Nc2 Ned7 20.Ne3 Nh5 21.Nc2 Nf4 22.
Bf1 h5 23.Nb4 Nc5 24.Nc2 Ng6 25.b4 Nd7 26.Rb1 Nge5 27.c5 b5 28.a4 bxa4 29.
b5 axb5 30.Bxb5 Qa8 31.Bxa4 Bc6 32.Bxc6 Qxc6 33.Nb4 Qa8 34.cxd6 Bxd6 35.
Rxd6 Rxc3 36.f4 Ng4 37.Rd3 Rxd3 38.Nxd3 Qxe4 39.Rd1 Ndf6 40.Bd4 Rd8 41.
Bxf6 gxf6 42.Nb2 Rxd1 43.Nxd1 Qe2 0-1

[Event "68th POL-ch (w)"]
[Site "Poznan POL"]
[Date "2016.04.07"]
[Round "9"]
[White "Kantane, Anna"]
[Black "Kiolbasa, Oliwia"]
[Result "1/2-1/2"]
[WhiteElo "2310"]
[BlackElo "2348"]
[EventDate "2016.03.30"]
[PlyCount "92"]
[EventType "tourn"]
[EventRounds "9"]
[EventCountry "POL"]
[EventCategory "4"]
[SourceTitle "CBM 171 Extra"]
[Source "ChessBase"]
[SourceDate "2016.04.26"]
[SourceVersion "1"]
[SourceVersionDate "2016.04.26"]
[SourceQuality "1"]

1.e4 e5 2.Nf3 Nc6 3.Bb5 f5 4.d3 fxe4 5.dxe4 Nf6 6.O-O Bc5 7.Qd3 Nd4 8.Nxd4
Bxd4 9.Nd2 O-O 10.Nf3 Bb6 11.Nxe5 Qe7 12.Nc4 Bc5 13.b4 a6 14.Ba4 Ba7 15.
Bb3 Kh8 16.Bb2 b5 17.Ne5 Bb7 18.Qh3 Qe8 19.c4 d6 20.Ng4 Nh5 21.Ne3 Bxe4 
22.cxb5 axb5 23.Rad1 Qg6 24.Qe6 Nf4 25.Qxg6 Bxg6 26.Bc2 Bxc2 27.Nxc2 Ne2+ 
28.Kh1 Bxf2 29.a3 c5 30.g3 Nd4 31.Nxd4 Bxd4 32.Rxf8+ Rxf8 33.Bxd4 cxd4 34.
Rxd4 Rf5 35.Rxd6 Kg8 36.Kg2 Kf7 37.Rb6 h5 38.Rc6 Ke7 39.Ra6 g5 40.h3 Kf7 
41.a4 bxa4 42.Rxa4 Rd5 43.Ra5 Rd2+ 44.Kf3 Rd3+ 45.Kf2 Kf6 46.h4 gxh4 
1/2-1/2

[Event "68th POL-ch (w)"]
[Site "Poznan POL"]
[Date "2016.04.07"]
[Round "9"]
[White "Kulon, Klaudia"]
[Black "Wozniak, Mariola"]
[Result "0-1"]
[WhiteElo "2298"]
[BlackElo "2154"]
[EventDate "2016.03.30"]
[PlyCount "130"]
[EventType "tourn"]
[EventRounds "9"]
[EventCountry "POL"]
[EventCategory "4"]
[SourceTitle "CBM 171 Extra"]
[Source "ChessBase"]
[SourceDate "2016.04.26"]
[SourceVersion "1"]
[SourceVersionDate "2016.04.26"]
[SourceQuality "1"]

1.c4 e5 2.g3 Nc6 3.Bg2 g6 4.Nc3 Bg7 5.d3 d6 6.e4 Be6 7.Nge2 Qd7 8.Nd5 Nd8 
9.h3 c6 10.Ne3 Ne7 11.d4 exd4 12.Nxd4 O-O 13.Nxe6 fxe6 14.O-O c5 15.Ng4 
Nec6 16.Rb1 a6 17.h4 Kh8 18.h5 gxh5 19.Nh2 Nd4 20.Qxh5 N8c6 21.f4 Qf7 22.
Qd1 b5 23.cxb5 axb5 24.a3 Rae8 25.Be3 b4 26.axb4 Nxb4 27.Rc1 Qa7 28.Kh1 
Rb8 29.Ng4 Qa6 30.Ra1 Qd3 31.Qa4 Nbc2 32.Bxd4 Nxd4 33.Ra3 Qe2 34.Nf2 Rxb2 
35.Qd7 Nb5 36.Rf3 c4 37.f5 e5 38.Qe7 Rf6 39.Ra1 h5 40.Qe8+ Kh7 41.Kh2 Nd4 
42.Raa3 Nxf3+ 43.Rxf3 c3 44.Qc8 c2 45.Qc3 Rb3 46.Qxb3 c1=Q 47.g4 Rh6 48.g5
Qxg5 49.Rg3 Qf4 50.Nh3 Qxg3+ 51.Kxg3 Qg4+ 52.Kh2 Bf6 53.Bf3 Qg7 54.Qe3 Bd8
55.Be2 Kh8 56.Bc4 Rh7 57.Be2 Qf6 58.Bd1 d5 59.exd5 Qxf5 60.Bf3 e4 61.Bxe4 
Bc7+ 62.Kg2 Rg7+ 63.Kh1 Qf1+ 64.Ng1 Rxg1+ 65.Qxg1 Qh3+ 0-1

[Event "68th POL-ch (w)"]
[Site "Poznan POL"]
[Date "2016.04.07"]
[Round "9"]
[White "Majdan-Gajewska, Joanna"]
[Black "Szczepkowska-Horowska, Karina"]
[Result "1-0"]
[WhiteElo "2380"]
[BlackElo "2403"]
[EventDate "2016.03.30"]
[PlyCount "123"]
[EventType "tourn"]
[EventRounds "9"]
[EventCountry "POL"]
[EventCategory "4"]
[SourceTitle "CBM 171 Extra"]
[Source "ChessBase"]
[SourceDate "2016.04.26"]
[SourceVersion "1"]
[SourceVersionDate "2016.04.26"]
[SourceQuality "1"]

1.e4 e5 2.Nf3 Nc6 3.Bc4 Nf6 4.Ng5 d5 5.exd5 Nd4 6.c3 b5 7.cxd4 bxc4 8.Qa4+
Qd7 9.Qxc4 Nxd5 10.O-O Nb6 11.Qe2 Be7 12.Nf3 e4 13.Qxe4 O-O 14.Nc3 f5 15.
Qe2 Bf6 16.Re1 Bb7 17.Qe6+ Qxe6 18.Rxe6 Rae8 19.Rxe8 Rxe8 20.b3 Bxd4 21.
Bb2 Bf6 22.Rd1 Kf7 23.Ne1 Rd8 24.Nc2 Rd3 25.Ba1 a6 26.Ne2 Bg5 27.Bc3 Rd7 
28.Ncd4 g6 29.d3 Bf6 30.Nc2 Nd5 31.Bxf6 Kxf6 32.Ne1 a5 33.h4 h6 34.Kf1 g5 
35.hxg5+ hxg5 36.a3 Rd6 37.Rc1 Rb6 38.Nd4 g4 39.Rc5 Ke5 40.Nec2 Ba6 41.Ke2
Kd6 42.Rxa5 Nf4+ 43.Kd2 Bxd3 44.g3 Bxc2 45.Kxc2 Nh3 46.Rxf5 c5 47.Rf6+ Kc7
48.Ne6+ Kc6 49.Rf5 Ra6 50.Kb2 Ra8 51.Nxc5 Re8 52.Nd3 Kb6 53.Rf6+ Ka7 54.b4
Re2+ 55.Kb3 Rd2 56.Kc4 Ng5 57.Nc5 Nf3 58.Rf7+ Kb8 59.Kb5 Rd6 60.Nd7+ Kc8 
61.Nb6+ Kd8 62.a4 1-0

[Event "68th POL-ch (w)"]
[Site "Poznan POL"]
[Date "2016.04.07"]
[Round "9"]
[White "Zawadzka, Jolanta"]
[Black "Socko, Monika"]
[Result "1/2-1/2"]
[WhiteElo "2432"]
[BlackElo "2461"]
[EventDate "2016.03.30"]
[PlyCount "113"]
[EventType "tourn"]
[EventRounds "9"]
[EventCountry "POL"]
[EventCategory "4"]
[SourceTitle "CBM 171 Extra"]
[Source "ChessBase"]
[SourceDate "2016.04.26"]
[SourceVersion "1"]
[SourceVersionDate "2016.04.26"]
[SourceQuality "1"]

1.e4 c6 2.d4 d5 3.e5 Bf5 4.h4 h5 5.Bd3 Bxd3 6.Qxd3 e6 7.Bg5 Qb6 8.Nd2 c5 
9.c4 Nc6 10.Ngf3 Nge7 11.O-O Nf5 12.cxd5 Nb4 13.Qa3 Nxd5 14.Rac1 Qb4 15.
dxc5 Qxa3 16.bxa3 f6 17.Be3 Kd7 18.Rfe1 Be7 19.Nb3 Rhc8 20.exf6 gxf6 21.
Nfd4 Nxd4 22.Bxd4 b6 23.f3 Rc6 24.a4 Rac8 25.cxb6 Rxc1 26.Rxc1 Rxc1+ 27.
Nxc1 axb6 28.Ne2 f5 29.g3 Bd6 30.Kf2 e5 31.Nc3 Nxc3 32.Bxc3 Bc5+ 33.Ke2 
Ke6 34.a5 bxa5 35.Bxa5 Ba3 36.Kd3 Kd5 37.Bd2 Bc5 38.Be3 Bb4 39.Bf2 Ba5 40.
a4 Bb4 41.Ke2 Kc4 42.Be1 Bd6 43.a5 Kb5 44.Kd3 Bc7 45.a6 Bb8 46.Bf2 Kxa6 
47.Kc4 e4 48.fxe4 fxe4 49.Be1 e3 50.Kd4 Ba7+ 51.Ke4 Kb5 52.Kd3 Kc6 53.Bc3 
Kd5 54.Bf6 Bb8 55.Kxe3 Bxg3 56.Kf3 Bxh4 57.Bxh4 1/2-1/2